Uma história por noite (Registo nº 6122)
[ vista simples ]
| 000 -Etiqueta do registo | |
|---|---|
| Valores | 01327nam a2200265 4500 |
| 010 ## - Número ISBN | |
| ISBN | 9789720707444 |
| 021 ## - Número do Depósito Legal | |
| Número | 449155/18 |
| 100 ## - Dados gerais de processamento | |
| Dados gerais | 20260122d2019 cd|y0pory50030103ba |
| 200 1# - Titulo e menção de responsabilidade | |
| Título próprio | Uma história por noite |
| Primeira menção de responsabilidade | Clara Cunha |
| Outras menções de responsabilidade | il. Natalina Cóias |
| 205 ## - Menção da edição | |
| Edição | 1ªed |
| 210 #9 - Publicação | |
| Local de publicação | Porto |
| Nome do editor | Porto Editora |
| Data de publicação | 2019 |
| 215 ## - Descrição física | |
| Paginação / Volumes | 98 p. |
| Outras indicações físicas | il. |
| Dimensões | 19 cm |
| 330 ## - Sumário ou Resumo | |
| Texto da nota | "(...) Visto um alguidar, e nas pernas enfio uma janela, calço com jeito uma cadeira em cada pé e estico-as até aos joelhos. Depois calço os foguetões, coloco uma bicicleta na cabeça, e estou pronta para um dia cheio de ação."<br/>Uma história por noite é um livro de aventuras, de sorrisos marotos, de sustos, de viagens fascinantes, que desenvolve a imaginação e a criatividade, desperta o interesse pelas palavras e promove o gosto pela leitura.<br/>Um livro para todos os que acreditam que as palavras são brincadeiras. |
| 606 ## - Nome comum usado como assunto | |
| ID Autoridade | 14 |
| Palavra de ordem | Literatura infantil |
| 606 ## - Nome comum usado como assunto | |
| ID Autoridade | 15 |
| Palavra de ordem | Literatura Portuguesa |
| 675 ## - CDU | |
| Notação | 82-93 |
| Edição | BN |
| Língua | por |
| 675 ## - CDU | |
| Notação | 821.134.3 |
| Edição | BN |
| Língua | por |
| 700 ## - Autor principal (pessoa individual) | |
| Apelido | Cunha |
| Nome | Clara |
| Datas | 1971- |
| ID Autoridade | 57 |
| 701 ## - Co-autor principal (pessoa individual) | |
| Apelido | Cóias |
| Nome | Natalina |
| Datas | 1972 |
| ID Autoridade | 349 |
| 801 #0 - Fonte de origem | |
| País | PT |
| Agência | BMVN |
| Regras de catalogação | RPC |
| 830 ## - Notas gerais do catalogador | |
| Criado por | Ana Caetano |
| Data de criação | 22/01/2026 |
| 856 41 - Localização e acesso electrónico | |
| URL | <a href="http://rnod.bnportugal.gov.pt/ImagesBN/winlibimg.aspx?skey=&doc=2026581&img=128812&save=true">http://rnod.bnportugal.gov.pt/ImagesBN/winlibimg.aspx?skey=&doc=2026581&img=128812&save=true</a> |
| 990 ## - Elementos KOHA | |
| Tipo de documento | Livro |
| Situação do levantamento | Biblioteca de origem | Código de barras | Cota | Permissão de empréstimo | Tipo de documento | Forma de aquisição |
|---|---|---|---|---|---|---|
| Biblioteca Escola Nº2 Vendas Novas | 100000003311 | LI POR/CUN | Livro |